01074nam a2200265 a 450000100100000000500170001000800410002702000150006804000130008308200150009610000340011124502180014526000720036330000210043549000400045650000440049650000490054050400330058965000380062265000160066065000380067670000290071470000250074383000400076800000544420251112115145.0090819s1989 es 001 0bspa d a8400069781 aDO-SdBNP a980bL864v1 aLopez Medel, Tomasd1509-158210aVisita de la gobernación de Popayan :blibro de tributos (1558-1559) /cTomas Lopez Medel ; edición Berta Ares Queija; estudio preliminiar y transcripción Berta Ares Queija ; preámbulo Francisco de Solano. aMadrid, :bConsejo Superior de Investigacioes Científicas,c1989. a325 p. ;c24 cm.1 aTierra nueva e cielo nuevo ;vv. 29 aIncluye notas al pié de las páginas aV centenario del descubrimiento de Améirca aBibliografía : p. lvii-lix 0aIndígenas de América del Sur  4aEncomiendas 4aTrato a los indígenaszColombia12aAres Queija, Berta,eed.12aSolano, Francisco de 0aTierra nueva e cielo nuevo ;nv. 29